Daňové podvody a úniky na dani z pridanej hodnoty v EÚ diplomová práca

Gespeichert in:
Bibliographische Detailangaben
1. Verfasser: Kögler, Peter
Körperschaft: Národohospodárska fakulta EU. Katedra financií
Weitere Verfasser: Rabatinová, Marcela, 1977-
Format: Buch
Sprache:Slowakisch
Veröffentlicht: Bratislava 2015
Tags: Tag hinzufügen
Keine Tags, Fügen Sie das erste Tag hinzu!

MARC

LEADER 00000nbm a2200000 4500
001 0202477
005 20161212095232.2
041 0 |a slo 
044 |a SK 
245 1 0 |a Daňové podvody a úniky na dani z pridanej hodnoty v EÚ  |b diplomová práca  |c Peter Kögler ; školiteľ: Marcela Rabatinová 
264 1 |a Bratislava  |c 2015 
300 |a 68 s. 
100 1 |a Kögler, Peter 
700 1 |a Rabatinová, Marcela, 1977- 
710 2 |a Národohospodárska fakulta EU. Katedra financií